Essays on Near Eastern art and archaeology in honor of Charles Kyrle Wilkinson /

Bibliographic Details
Corporate Author: Metropolitan Museum of Art (New York, N.Y.)
Other Authors: Harper, Prudence Oliver, Pittman, Holly, Wilkinson, Charles Kyrle, 1897-1986
Format: Book
Language:English
Published: New York : Metropolitan Museum of Art, [1983]
Subjects:

MARC

Tag First Indicator Second Indicator Subfields
LEADER 00000cam a2200000 a 4500
001 in00000011015
005 20151007051953.0
008 820927s1983 nyua b f11000 eng
010 |a  82018838  
020 |a 0870993240 (pbk.) 
035 |a (OCoLC)08866466 
035 |9 AAA5684AM 
040 |a DLC  |c DLC  |d m/c  |d TXA  |d UtOrBLW 
043 |a aw----- 
049 |a TXAM  |c [A11462165] 
050 0 0 |a N7265  |b .E78 1983 
082 0 |a 730/.0935  |2 19 
245 0 0 |a Essays on Near Eastern art and archaeology in honor of Charles Kyrle Wilkinson /  |c edited by Prudence O. Harper and Holly Pittman. 
264 1 |a New York :  |b Metropolitan Museum of Art,  |c [1983] 
264 4 |c ©1983 
300 |a 93 pages :  |b illustrations ;  |c 28 cm. 
336 |a text  |b txt  |2 rdacontent 
337 |a unmediated  |b n  |2 rdamedia 
338 |a volume  |b nc  |2 rdacarrier 
500 |a Proceedings of a symposium held at the Metropolitan Museum of Art, 23 February 1981. 
504 |a Includes bibliographical references. 
650 0 |a Art  |z Middle East  |x Congresses. 
651 0 |a Middle East  |x Antiquities  |v Congresses. 
650 0 |a Islamic art  |z Middle East. 
600 1 0 |a Wilkinson, Charles Kyrle,  |d 1897-1986. 
700 1 |a Harper, Prudence Oliver. 
700 1 |a Pittman, Holly. 
700 1 |a Wilkinson, Charles Kyrle,  |d 1897-1986. 
710 2 |a Metropolitan Museum of Art (New York, N.Y.) 
999 |a MARS 
999 f f |s b5759138-f202-3ac7-bf7f-e7b67fa14b08  |i 6aa24bec-806e-39b0-8605-e977dd85d26f  |t 0 
952 f f |p normal  |a Texas A&M University  |b College Station  |c Sterling C. Evans Library  |d Evans: Library Stacks  |t 0  |e N7265 .E78 1983  |h Library of Congress classification  |i unmediated -- volume  |m A14811462165 
998 f f |a N7265 .E78 1983  |t 0  |l Evans: Library Stacks